Sports Quiz

Random Sports or Country Quiz

Burnley squad 2019-20 Quiz Stats

 Plays Quiz not verified by Sporcle

Score 0/24 Timer 10:00
0 Plays Today
Number Answer % Correct
1Nick Pope
100%
5James Tarkowski
100%
6Ben Mee
100%
2Matthew Lowton
66.7%
3Charlie Taylor
66.7%
4Jack Cork
66.7%
7Johann Berg Gudmundsson
66.7%
8Danny Drinkwater
66.7%
9 Chris Wood
66.7%
10Ashley Barnes
66.7%
11Dwight McNeil
66.7%
12Robbie Brady
66.7%
Number Answer % Correct
13Jeff Hendrick
66.7%
14Ben Gibson
66.7%
20Joe Hart
66.7%
26Phil Bardsley
66.7%
25Aaron Lennon
66.7%
27Matej Vydra
66.7%
28Kevin Long
66.7%
15Bailey Peacock-Farrell
33.3%
18Ashley Westwood
33.3%
19Jay Rodriguez
33.3%
23Erik Pieters
33.3%
30Adam Legzdins
33.3%

You're not logged in!

Compare scores with friends on all Sporcle quizzes.
OR
Log In

Sporcle TV

Today on Sporcle TV


Watch our educational content, quiz creation guides, and fun videos on Sporcle TV.

Show Comments

Extras

Created Sep 8, 2019ReportNominate
Tags:Country Quiz, burnley, Squad

Top Quizzes Today


Score Distribution

Your Account Isn't Verified!

In order to create a playlist on Sporcle, you need to verify the email address you used during registration. Go to your Sporcle Settings to finish the process.

Report this User

Report this user for behavior that violates our Community Guidelines.

Details: